| 000 | 00703nam a2200217Ia 4500 | ||
|---|---|---|---|
| 001 | 13191 | ||
| 003 | GE_BSU | ||
| 008 | 181216s||||||||xx |||||||||||||| ||und|| | ||
| 040 | _cGE_BSU | ||
| 080 | _a63 | ||
| 245 | _aХимизация сельского хозяйства | ||
| 245 | _bНаучно-технический словарь справочник | ||
| 245 | _cПод.общ.ред.Л.Л.Балашева, С.И.Вольфковича | ||
| 250 | _a2-ое дополн.и перераб. | ||
| 260 | _aМосква | ||
| 260 | _bНаука | ||
| 260 | _c1968 | ||
| 300 | _a356стр.илл.20см. | ||
| 653 | _aХимизация сельского хозяйства | ||
| 942 | _cBK | ||
| 999 |
_c46355 _d46355 |
||